[Event "AGF Nantes"]
[Site "Nantes"]
[Date "2001.12.13"]
[Round "5"]
[White "Clairen, Michel"]
[Black "Moutaux, Robert"]
[Result "0-1"]
[WhiteElo "1860"]
[BlackElo "1970"]
[PlyCount "66"]
[EventDate "2002.01.??"]
[EventCountry "FRA"]

1. e4 e6 2. d4 d5 3. Nd2 c5 4. c3 cxd4 5. cxd4 dxe4 6. Nxe4 Nc6 7. Nf3 Be7 8.
Be2 Nf6 9. Nc3 O-O 10. O-O b6 11. h3 Bb7 12. Be3 Nb4 13. Ne5 Rc8 14. Bf3 Nbd5
15. Rc1 Bb4 16. Nxd5 Nxd5 17. Bd2 Bd6 18. Qa4 a5 19. Rxc8 Bxc8 20. Rc1 Qh4 21.
Qc4 Ne7 22. d5 Qf6 23. Nd3 exd5 24. Bxd5 Nxd5 25. Qxd5 Rd8 26. Qc4 Bf5 27. Nf4
Qxb2 28. Be3 h6 29. g4 Rc8 30. Qf1 Bd7 31. Qd1 Rxc1 32. Bxc1 Qe5 33. Bb2 Qxf4
0-1

[Event "AGF Nantes"]
[Site "Nantes"]
[Date "2001.12.14"]
[Round "7"]
[White "Rosenfeld, Imre"]
[Black "Moutaux, Robert"]
[Result "1-0"]
[WhiteElo "2058"]
[BlackElo "1970"]
[PlyCount "96"]
[EventDate "2002.01.??"]
[EventCountry "FRA"]

1. d4 Nf6 2. Nf3 g6 3. Bg5 Bg7 4. Nbd2 O-O 5. c3 d6 6. e4 Nfd7 7. Be2 c5 8. O-O
cxd4 9. Nxd4 Nc6 10. N2b3 h6 11. Bh4 g5 12. Bg3 Nde5 13. f4 Nxd4 14. Nxd4 Qb6
15. Qb3 Qxb3 16. Nxb3 gxf4 17. Bxf4 Be6 18. Nd4 Bc4 19. Bxc4 Nxc4 20. Nf5 Nxb2
21. Nxe7+ Kh7 22. Bxd6 Bxc3 23. Nd5 Bd4+ 24. Kh1 Nd3 25. Bxf8 Rxf8 26. Rab1
Nf2+ 27. Rxf2 Bxf2 28. Rxb7 Kg7 29. g3 Re8 30. Kg2 Bd4 31. Kf3 Rc8 32. Rc7 Rxc7
33. Nxc7 Kf6 34. Nd5+ Ke5 35. Ne3 Kf6 36. Nf5 Bg1 37. Kg2 Bc5 38. Nxh6 Kg6 39.
Nf5 a5 40. a4 Bb4 41. h4 Bc3 42. Kf3 Be5 43. g4 Bb8 44. Ke3 Be5 45. Kd3 Kf6 46.
Kc4 Ke6 47. Nd4+ Kd6 48. Nf3 Bb2 1-0

[Event "AGF Nantes"]
[Site "Nantes"]
[Date "2001.12.14"]
[Round "7"]
[White "Weisz, Pierre"]
[Black "Loizil, Joel"]
[Result "0-1"]
[WhiteElo "1920"]
[BlackElo "1652"]
[PlyCount "69"]
[EventDate "2002.01.??"]
[EventCountry "FRA"]

1. e4 e5 2. Nf3 Nc6 3. Nc3 d6 4. Bc4 Be7 5. Nd5 Bg4 6. c3 Nf6 7. d3 O-O 8. h3
Bxf3 9. Nxe7+ Qxe7 10. Qxf3 Nd7 11. Bb3 Nc5 12. Bc2 Ne6 13. Be3 b5 14. O-O a5
15. d4 exd4 16. cxd4 Ncxd4 17. Qd1 Nxc2 18. Qxc2 c5 19. Rad1 Rfd8 20. Qe2 Qb7
21. Qg4 d5 22. exd5 Rxd5 23. Rde1 Qd7 24. f4 Nd4 25. Qxd7 Rxd7 26. Bc1 Kf8 27.
Re5 c4 28. Be3 Rb8 29. Kf2 Ne6 30. f5 Nc7 31. Bc5+ Kg8 32. Rfe1 Rd5 33. Bb6
Rxe5 34. Rxe5 Rxb6 35. Rc5 0-1

[Event "Le Mans Op"]
[Site "Le Mans "]
[Date "2007.12.29"]
[Round "?"]
[White "Amoyal, Pierre"]
[Black "Carvallo, Henri"]
[Result "1-0"]
[WhiteElo "2195"]
[BlackElo "2156"]
[PlyCount "101"]
[EventDate "2007.12.??"]
[EventType "swiss"]
[EventRounds "9"]
[EventCountry "FRA"]

1. d4 d6 2. Nf3 Bg4 3. e4 Nf6 4. Nc3 e6 5. h3 Bh5 6. g4 Bg6 7. Qe2 c6 8. h4 h5
9. g5 Nfd7 10. Be3 d5 11. Nd2 Be7 12. Bg2 Na6 13. f4 Nb4 14. O-O-O dxe4 15.
Bxe4 Bxe4 16. Ndxe4 g6 17. d5 Nxd5 18. Nxd5 cxd5 19. f5 gxf5 20. Ng3 Qa5 21.
Bd4 Rh7 22. Kb1 Qa6 23. Qe3 Nf8 24. Bf6 Bxf6 25. gxf6 O-O-O 26. Qg5 Ng6 27. Rd4
Qb6 28. c3 Ne5 29. Nxf5 Nf3 30. Ne7+ Kd7 31. Rxd5+ exd5 32. Qxd5+ Ke8 33. Qxf3
Rd2 34. b3 Qf2 35. Qxf2 Rxf2 36. Re1 Kd7 37. Nd5 Kd6 38. c4 Rh6 39. Rd1 Kc5 40.
Nc3 Kb4 41. Ne4 Re2 42. Rd4 Re1+ 43. Kc2 Re2+ 44. Kd3 Rxa2 45. c5+ Kxb3 46. Rd7
b5 47. cxb6 axb6 48. Rb7 Rg6 49. Rxb6+ Ka4 50. Rb7 Ka3 51. Kc3 1-0

[Event "Le Mans Op"]
[Site "Le Mans "]
[Date "2007.12.28"]
[Round "?"]
[White "Lagarde, Maxime"]
[Black "Carvallo, Henri"]
[Result "1-0"]
[WhiteElo "2256"]
[BlackElo "2156"]
[PlyCount "55"]
[EventDate "2007.12.??"]
[EventType "swiss"]
[EventRounds "9"]
[EventCountry "FRA"]

1. e4 d6 2. d4 Nf6 3. Nc3 Nbd7 4. f4 e5 5. Nf3 exd4 6. Qxd4 c6 7. Be3 d5 8.
exd5 Bc5 9. Qd3 Qe7 10. Nd4 Nb6 11. dxc6 bxc6 12. O-O-O O-O 13. Bg1 Qb7 14. g3
Bg4 15. Be2 Bxe2 16. Ndxe2 Bxg1 17. Rhxg1 Rab8 18. b3 c5 19. Qb5 Qe7 20. Rge1
c4 21. Qa5 Qe3+ 22. Kb1 cxb3 23. axb3 Nc4 24. Qa4 Nd2+ 25. Ka2 Rfd8 26. Qa5
Rdc8 27. Nc1 Nxb3 28. Nxb3 1-0

[Event "FRA Ch T W Top12 Fiducial"]
[Site "Chalons en Champagne"]
[Date "2010.06.26"]
[Round "?"]
[White "Wohlers Armas, Friederike"]
[Black "Richard, Emma"]
[Result "1/2-1/2"]
[WhiteElo "2080"]
[BlackElo "2000"]
[PlyCount "102"]
[EventDate "2010.??.??"]
[EventType "team-match"]
[EventCountry "FRA"]

1. d4 Nf6 2. c4 e6 3. Nf3 c5 4. d5 exd5 5. cxd5 d6 6. Nc3 g6 7. e4 Bg7 8. Be2
O-O 9. O-O a6 10. a4 Ne8 11. Bf4 Nd7 12. Nd2 f5 13. exf5 Rxf5 14. Bg3 Kh8 15.
Bg4 Rf8 16. Nc4 Nb6 17. Ne3 Bxg4 18. Qxg4 Rb8 19. a5 Nc8 20. f4 Bd4 21. Bf2 Ng7
22. Nc4 b5 23. axb6 Nxb6 24. Na5 Qc8 25. Qf3 Qf5 26. Nc6 Bxf2+ 27. Rxf2 Ra8 28.
g4 Qf7 29. h3 Ne8 30. Re1 Nf6 31. Re7 Qg8 32. Rd2 Rae8 33. Rde2 Rxe7 34. Nxe7
Qf7 35. f5 Nfd7 36. Qg2 Ne5 37. Rxe5 dxe5 38. d6 Nc4 39. Qc6 Rd8 40. Qc7 Rxd6
41. Ne4 Rd1+ 42. Kf2 gxf5 43. Ng5 Qe8 44. Nxf5 Rd2+ 45. Ke1 Rd7 46. Qxc5 Nxb2
47. Qb6 Rd1+ 48. Kf2 Rd2+ 49. Ke1 Rd1+ 50. Kf2 Rd2+ 51. Ke1 Rd1+ 1/2-1/2

[Event "FRA Ch T W Top12 Fiducial"]
[Site "Chalons en Champagne"]
[Date "2010.06.26"]
[Round "?"]
[White "Muzychuk, Anna"]
[Black "Eid, Maha"]
[Result "1-0"]
[WhiteElo "2532"]
[BlackElo "2050"]
[PlyCount "53"]
[EventDate "2010.??.??"]
[EventType "team-match"]
[EventCountry "FRA"]

1. e4 d6 2. d4 Nf6 3. Nc3 g6 4. Be3 Bg7 5. Qd2 c6 6. Bh6 Bxh6 7. Qxh6 Qa5 8.
Bd3 Be6 9. Nf3 Nbd7 10. a3 O-O-O 11. b4 Qc7 12. h3 Nb6 13. a4 Nc4 14. O-O Rhg8
15. Ng5 d5 16. e5 Ne4 17. Nxe6 fxe6 18. Nxe4 Nxe5 19. Nc5 Nxd3 20. cxd3 g5 21.
Rfe1 Rg6 22. Qxh7 Rdg8 23. Rxe6 R6g7 24. Qf5 Qf4 25. Rxc6+ Kb8 26. Qc8+ Rxc8
27. Nd7+ 1-0

[Event "FRA Ch T W Top12 Fiducial"]
[Site "Chalons en Champagne"]
[Date "2010.06.26"]
[Round "?"]
[White "Choisy, Mathilde"]
[Black "Armas, Lara Maria"]
[Result "1/2-1/2"]
[WhiteElo "2145"]
[BlackElo "1900"]
[PlyCount "100"]
[EventDate "2010.??.??"]
[EventType "team-match"]
[EventCountry "FRA"]

1. e4 c5 2. b3 d6 3. Bb2 Nf6 4. Nc3 a6 5. f4 e6 6. Nf3 b5 7. Qe2 Bb7 8. d3 Nbd7
9. O-O-O Qc7 10. e5 Nd5 11. Nxd5 Bxd5 12. exd6 Bxd6 13. Bxg7 Bxf4+ 14. Kb1 Rg8
15. Bb2 O-O-O 16. Qf2 Bh6 17. c4 bxc4 18. dxc4 Bb7 19. Bd3 f5 20. Rhe1 Rde8 21.
Re2 Rgf8 22. Ne5 Nxe5 23. Rxe5 Kb8 24. Rxc5 Qf7 25. Be5+ Ka8 26. Rc7 Re7 27.
Rxe7 Qxe7 28. Bf1 Be4+ 29. Kb2 Rd8 30. Rxd8+ Qxd8 31. Qd4 Qg5 32. Qd1 Bxg2 33.
Bxg2+ Qxg2+ 34. Kc3 Qg5 35. Qd6 Qc1+ 36. Kb4 Qd2+ 37. Qxd2 Bxd2+ 38. Kc5 Kb7
39. Kd4 Kc6 40. Bg3 a5 41. Bf2 Bf4 42. h3 e5+ 43. Kd3 e4+ 44. Ke2 Kd6 45. a3
Bc1 46. Bb6 a4 47. bxa4 Bxa3 48. a5 Kc6 49. Bd4 Kb7 50. Bc3 Bc5 1/2-1/2

[Event "FRA Ch T W Top12 Fiducial"]
[Site "Chalons en Champagne"]
[Date "2010.06.26"]
[Round "?"]
[White "Banat, Rizlene"]
[Black "Roumegous, Marina"]
[Result "0-1"]
[WhiteElo "2010"]
[BlackElo "2225"]
[PlyCount "64"]
[EventDate "2010.??.??"]
[EventType "team-match"]
[EventCountry "FRA"]

1. Nf3 Nf6 2. g3 d5 3. c4 e6 4. Bg2 Be7 5. O-O O-O 6. Nc3 d4 7. Nb5 c5 8. d3 a6
9. Na3 Nc6 10. e3 e5 11. Re1 Qc7 12. exd4 cxd4 13. Nc2 Nd7 14. a3 a5 15. Nfxd4
exd4 16. Bxc6 bxc6 17. Rxe7 c5 18. Qf3 Bb7 19. Qg4 Qc6 20. Qe4 Qf6 21. Qe2 Bf3
22. Qe1 Qf5 23. Qf1 Rae8 24. Re1 Ne5 25. Bd2 Bc6 26. Rxe5 Qf3 27. Rd5 Bxd5 28.
cxd5 Qxd5 29. Rb1 a4 30. Nb4 Qb7 31. Qd1 Re6 32. Na2 Qd5 0-1

[Event "FRA Ch T W Top12 Fiducial"]
[Site "Chalons en Champagne"]
[Date "2010.06.26"]
[Round "?"]
[White "Guichard, Pauline"]
[Black "Kambrath, Linda"]
[Result "1-0"]
[WhiteElo "2300"]
[BlackElo "1995"]
[PlyCount "97"]
[EventDate "2010.??.??"]
[EventType "team-match"]
[EventCountry "FRA"]

1. d4 d5 2. c4 e6 3. Nf3 Nf6 4. e3 Be7 5. Nbd2 O-O 6. Bd3 b6 7. O-O Bb7 8. b3
Nbd7 9. Bb2 c5 10. Rc1 Rc8 11. Qe2 Re8 12. Rfd1 dxc4 13. bxc4 Qc7 14. Nf1 Ne4
15. Ng3 Ndf6 16. Nxe4 Nxe4 17. Qc2 Nf6 18. d5 exd5 19. cxd5 Nxd5 20. Bxh7+ Kf8
21. Be5 Qc6 22. Be4 Rcd8 23. Qb3 Qe6 24. Qb2 Bf6 25. Bxf6 Qxf6 26. Qxf6 gxf6
27. Bd3 Nb4 28. Bb5 Bc6 29. Bxc6 Nxc6 30. h4 Kg7 31. g4 Kg6 32. Kg2 Rh8 33. h5+
Kh6 34. Nh4 Kg5 35. Kg3 Ne7 36. f4+ Kh6 37. e4 Rhg8 38. Nf3 Nc6 39. Kh4 Rge8
40. g5+ fxg5+ 41. Nxg5 Rf8 42. Rxd8 Nxd8 43. Rd1 c4 44. e5 Ne6 45. Rd6 Kg7 46.
h6+ Kxh6 47. f5 c3 48. fxe6 fxe6 49. Rxe6+ 1-0

[Event "FRA Ch T W Top12 Fiducial"]
[Site "Chalons en Champagne"]
[Date "2010.06.26"]
[Round "?"]
[White "Peng, Zhaoqin"]
[Black "Genova, Liubka"]
[Result "1-0"]
[WhiteElo "2420"]
[BlackElo "2263"]
[PlyCount "103"]
[EventDate "2010.??.??"]
[EventType "team-match"]
[EventCountry "FRA"]

1. d4 Nf6 2. c4 e6 3. Nc3 Bb4 4. e3 b6 5. Nge2 c5 6. a3 Ba5 7. Rb1 Na6 8. Bd2
O-O 9. Ng3 Bb7 10. f3 d5 11. cxd5 cxd4 12. exd4 Bxc3 13. bxc3 Qxd5 14. Qa4 Nb8
15. Bd3 Qd7 16. Qc2 h6 17. O-O Nc6 18. Kh1 Rac8 19. Qd1 Rfd8 20. Qe2 Ne7 21.
Rfe1 Qc7 22. Rbc1 Ned5 23. Qf2 Nf4 24. Bf1 Ng6 25. Ne4 Nxe4 26. fxe4 e5 27. d5
Nf8 28. c4 Nd7 29. Rc3 Nc5 30. Rg3 Rd6 31. Bc3 Qe7 32. Qf5 Re8 33. Bb4 Rf6 34.
Bxc5 bxc5 35. Qh5 Rb6 36. h3 Ba6 37. Bd3 Bc8 38. Rf1 Bd7 39. Kh2 Reb8 40. Bc2
Rf6 41. Rxf6 Qxf6 42. Rf3 Qe7 43. Bd1 Rb1 44. Rg3 Kh7 45. d6 Qf6 46. Bc2 Rc1
47. Rf3 Qxd6 48. Bd3 Be6 49. Be2 Qd4 50. Bf1 Qxe4 51. Bd3 g6 52. Bxe4 1-0

[Event "FRA Ch T W Top12 Fiducial"]
[Site "Chalons en Champagne"]
[Date "2010.06.26"]
[Round "?"]
[White "Neuhauser, Salome"]
[Black "Armas, Lena"]
[Result "1-0"]
[WhiteElo "2025"]
[BlackElo "1900"]
[PlyCount "47"]
[EventDate "2010.??.??"]
[EventType "team-match"]
[EventCountry "FRA"]

1. e4 d5 2. exd5 Qxd5 3. Nc3 Qd6 4. d4 Nf6 5. Be2 a6 6. Bf3 g6 7. Nge2 Bg7 8.
Bf4 Qd8 9. Qd2 O-O 10. Bh6 Re8 11. O-O-O Ng4 12. Bxg4 Bxg4 13. f3 Bd7 14. h4 e5
15. Bxg7 Kxg7 16. h5 Kg8 17. hxg6 fxg6 18. Qh6 Re7 19. Nd5 Rf7 20. dxe5 Kh8 21.
Nf6 Qe7 22. Nf4 Bf5 23. Rd8+ Qxd8 24. Qxh7+ 1-0

[Event "FRA Cup 0607"]
[Site "Toulouse"]
[Date "2006.12.17"]
[Round "2"]
[White "Lelimousin, Vincent"]
[Black "Le Gallen, Luc"]
[Result "1/2-1/2"]
[WhiteElo "2145"]
[BlackElo "2060"]
[PlyCount "72"]
[EventDate "2007.??.??"]
[EventType "team-match"]
[EventCountry "FRA"]

1. e4 c5 2. Nc3 Nc6 3. g3 e6 4. Bg2 Nf6 5. d3 d5 6. exd5 exd5 7. Bg5 d4 8. Nd5
Be7 9. Nxe7 Qxe7+ 10. Ne2 h6 11. Bxf6 Qxf6 12. O-O O-O 13. Nf4 Bd7 14. Qh5 b6
15. Rae1 Rae8 16. Qd5 Qd8 17. Qd6 Nb8 18. Nd5 Be6 19. Qxd8 Rxd8 20. Nc7 Rd6 21.
f4 Rc8 22. Nb5 Rd7 23. f5 Bd5 24. Bxd5 Rxd5 25. Nxa7 Rcd8 26. f6 R5d7 27. Nb5
Nc6 28. a3 Na7 29. Nxa7 Rxa7 30. Re5 Rad7 31. fxg7 Kxg7 32. Rfe1 Rd5 33. Re7
R5d7 34. Kg2 Kf6 35. R7e4 Rd5 36. g4 h5 1/2-1/2

[Event "FRA Cup 0607"]
[Site "Toulouse"]
[Date "2006.12.17"]
[Round "2"]
[White "Rouede, Gilbert"]
[Black "Hostekind, Laurent"]
[Result "0-1"]
[WhiteElo "1820"]
[BlackElo "1989"]
[PlyCount "98"]
[EventDate "2007.??.??"]
[EventType "team-match"]
[EventCountry "FRA"]

1. e4 d5 2. exd5 Nf6 3. d4 Bg4 4. Nf3 Qxd5 5. Be2 Nc6 6. O-O O-O-O 7. c4 Qh5 8.
d5 e6 9. h3 exd5 10. hxg4 Nxg4 11. Bf4 dxc4 12. Qa4 Bd6 13. Bxd6 Rxd6 14. Rd1
Rh6 15. Kf1 Qh1+ 16. Ng1 Nh2+ 17. Ke1 Qxg1+ 18. Kd2 Qxf2 19. Nc3 Rd8+ 20. Kc1
Rxd1+ 21. Qxd1 Rd6 22. Qh1 Qe3+ 23. Kb1 Qf4 24. a3 Rd2 25. Ka2 Qe5 26. Rc1 Na5
27. Bd1 Nb3 28. Rc2 Rxc2 29. Bxc2 Nd4 30. Bxh7 Ng4 31. Be4 g6 32. Qh7 Qe8 33.
Bd5 Ne5 34. Qh3+ Kb8 35. Qe3 Nf5 36. Qe4 Nd6 37. Qh4 c6 38. Qf6 Kc7 39. Bf3
Nxf3 40. gxf3 Qe6 41. Qf4 Qf5 42. Qe3 b6 43. Qe7+ Qd7 44. Qe5 Kb7 45. Qd4 Qe6
46. a4 a6 47. Ka3 Nf5 48. Qd8 Qd6+ 49. Qxd6 Nxd6 0-1

[Event "FRA Cup 0607"]
[Site "Toulouse"]
[Date "2006.12.17"]
[Round "2"]
[White "Laporte, Pierre"]
[Black "Pokee, Michele"]
[Result "1-0"]
[WhiteElo "1867"]
[BlackElo "1300"]
[PlyCount "45"]
[EventDate "2007.??.??"]
[EventType "team-match"]
[EventCountry "FRA"]

1. e4 e5 2. Nf3 Nc6 3. Bb5 Nge7 4. d4 exd4 5. Nxd4 a6 6. Nxc6 bxc6 7. Ba4 a5 8.
O-O g6 9. Bg5 Bg7 10. Nc3 O-O 11. Qd2 Kh8 12. Rad1 Bb7 13. Qxd7 f6 14. Be3 Re8
15. Bc5 Bf8 16. Qh3 Qc8 17. Rd7 Qb8 18. Qf3 Ng8 19. Bxf8 Rxf8 20. Bb3 c5 21.
Qh3 h6 22. Qg3 g5 23. Qxc7 1-0

[Event "FRA Cup 0607"]
[Site "Toulouse"]
[Date "2006.12.17"]
[Round "2"]
[White "Genestous, Patrick"]
[Black "Hervet, Gilles"]
[Result "1-0"]
[WhiteElo "2190"]
[BlackElo "2100"]
[PlyCount "79"]
[EventDate "2007.??.??"]
[EventType "team-match"]
[EventCountry "FRA"]

1. d4 Nf6 2. Bg5 Ne4 3. Bf4 c5 4. f3 Qa5+ 5. c3 Nf6 6. d5 Qb6 7. b3 e6 8. e4
exd5 9. exd5 Bd6 10. Bg5 Be7 11. Be3 Qd6 12. Bc4 Qe5 13. Kf2 b5 14. Bxb5 Nxd5
15. Bd2 O-O 16. Qe2 Qxe2+ 17. Nxe2 Bb7 18. Na3 Nc6 19. Rad1 Rad8 20. Bf4 Nxf4
21. Nxf4 a6 22. Ba4 Rfe8 23. Nc4 f6 24. Rhe1 Ne5 25. Nxe5 fxe5 26. Nd5 Bf8 27.
Bxd7 Rxd7 28. Nf6+ gxf6 29. Rxd7 Re7 30. Rd8 Kf7 31. g3 Bh6 32. Red1 Ke6 33.
R1d6+ Kf5 34. R8d7 Rxd7 35. Rxd7 Bc8 36. Rxh7 Bd2 37. Rc7 Be6 38. Rxc5 Bf7 39.
Ke2 Bc1 40. Ra5 1-0

[Event "FRA Cup 0607"]
[Site "Toulouse"]
[Date "2006.12.17"]
[Round "2"]
[White "Camilleri, Herve"]
[Black "Casella, Laurent"]
[Result "1-0"]
[WhiteElo "1890"]
[BlackElo "2035"]
[PlyCount "71"]
[EventDate "2007.??.??"]
[EventType "team-match"]
[EventCountry "FRA"]

1. d4 Nf6 2. c4 g6 3. Nc3 Bg7 4. e4 d6 5. Bg5 O-O 6. Bd3 c5 7. e5 dxe5 8. dxe5
Ng4 9. Nd5 f6 10. exf6 exf6 11. Bf4 Re8+ 12. Ne2 Ne5 13. O-O b5 14. Be4 Bf5 15.
Bxf5 gxf5 16. cxb5 Nbd7 17. Ng3 Nf8 18. Nxf5 Nfg6 19. Nxg7 Kxg7 20. Bg3 Re6 21.
Nc3 Rd6 22. Qb3 c4 23. Qb4 Rd4 24. Rad1 Nd3 25. Qa3 h5 26. f3 a6 27. bxa6 Qc8
28. Nb5 Rd5 29. Nc7 Rg5 30. Qd6 Kh6 31. Nxa8 h4 32. Rxd3 cxd3 33. Be1 Qh3 34.
Rf2 Ne5 35. Qxf6+ Kh5 36. Qxg5+ 1-0

[Event "FRA Cup 0607"]
[Site "Toulouse"]
[Date "2006.12.17"]
[Round "2"]
[White "Carpentier, Jean Christophe"]
[Black "Lejarre, Ludovic"]
[Result "0-1"]
[WhiteElo "2061"]
[BlackElo "2328"]
[PlyCount "74"]
[EventDate "2007.??.??"]
[EventType "team-match"]
[EventCountry "FRA"]

1. e4 e5 2. Nf3 Nc6 3. d4 exd4 4. Nxd4 Nf6 5. Nc3 Bb4 6. Nxc6 bxc6 7. Bd3 d5 8.
exd5 cxd5 9. O-O O-O 10. Bg5 c6 11. Qf3 Bd6 12. Rfe1 Rb8 13. a3 h6 14. Bxf6
Qxf6 15. Qxf6 gxf6 16. Nd1 Be6 17. Re2 c5 18. c3 c4 19. Bb1 Be5 20. Ne3 d4 21.
cxd4 Bxd4 22. Bf5 Rxb2 23. Rxb2 Bxb2 24. Re1 c3 25. Bxe6 fxe6 26. Nc2 Rd8 27.
Kf1 Kf7 28. f3 e5 29. Kf2 Ke6 30. Kf1 a5 31. Kf2 Rd5 32. Kf1 Kd6 33. Kf2 Kc5
34. a4 Rd3 35. Ne3 Kb4 36. Nf5 c2 37. Ke2 Kc3 0-1

[Event "FRA Cup 0607"]
[Site "Toulouse"]
[Date "2006.12.17"]
[Round "2"]
[White "Moiseyev, Vlad"]
[Black "Fora, Jena Paul"]
[Result "1-0"]
[WhiteElo "1880"]
[BlackElo "1650"]
[PlyCount "105"]
[EventDate "2007.??.??"]
[EventType "team-match"]
[EventCountry "FRA"]

1. e4 c6 2. d4 d5 3. Nc3 dxe4 4. Nxe4 Bf5 5. Ng3 Bg6 6. Nf3 Nd7 7. h4 h6 8. Bd3
Bxd3 9. Qxd3 e6 10. O-O Qc7 11. Re1 Ngf6 12. Bd2 Be7 13. c4 O-O-O 14. Qc2 Kb8
15. Rac1 Rde8 16. b4 Bd6 17. Ne2 Nh5 18. g3 Ka8 19. Kg2 Qc8 20. a4 e5 21. b5
exd4 22. Nexd4 cxb5 23. Nxb5 Bc5 24. Qf5 Ndf6 25. Qxc8+ Rxc8 26. Ne5 a6 27. Nc3
Rhd8 28. Rcd1 Bb4 29. Nb1 Bxd2 30. Rxd2 Rxd2 31. Nxd2 Rc7 32. g4 Nf4+ 33. Kg3
Ne6 34. Nxf7 Nc5 35. Ne5 Nxa4 36. f4 Nc5 37. g5 hxg5 38. hxg5 Nfd7 39. Nef3 Nb6
40. f5 Nd3 41. Re3 Nb2 42. Ne5 N6xc4 43. Ndxc4 Nxc4 44. Nxc4 Rxc4 45. f6 Rc7
46. Re7 gxf6 47. Rxc7 fxg5 48. Kf3 a5 49. Rc5 b6 50. Rxg5 Ka7 51. Ke3 Ka6 52.
Kd3 a4 53. Kc3 1-0

[Event "FRA Cup 0607"]
[Site "Toulouse"]
[Date "2007.01.07"]
[Round "3"]
[White "Genestous, Patrick"]
[Black "Lacroix, Romain"]
[Result "0-1"]
[WhiteElo "2190"]
[BlackElo "2123"]
[PlyCount "40"]
[EventDate "2007.??.??"]
[EventType "team-match"]
[EventCountry "FRA"]

1. Nf3 d5 2. b3 Nf6 3. Bb2 Bf5 4. Nh4 Bc8 5. f4 c5 6. e3 Nc6 7. h3 Ne4 8. Bb5
e5 9. Qh5 Be7 10. Qxe5 Be6 11. Bxc6+ bxc6 12. Nf5 Bf6 13. Nxg7+ Kd7 14. Qxf6
Nxf6 15. f5 Rg8 16. fxe6+ fxe6 17. O-O d4 18. exd4 Rxg7 19. dxc5 Qg8 20. Bxf6
Rxg2+ 0-1

[Event "FRA Cup 0607"]
[Site "Toulouse"]
[Date "2007.01.07"]
[Round "3"]
[White "Sanchez, Nicolas"]
[Black "Hantisse, Alain"]
[Result "1-0"]
[WhiteElo "2201"]
[BlackElo "1950"]
[PlyCount "85"]
[EventDate "2007.??.??"]
[EventType "team-match"]
[EventCountry "FRA"]

1. d4 Nf6 2. c4 g6 3. Nc3 Bg7 4. e4 d6 5. Be2 O-O 6. Nf3 e5 7. O-O Nc6 8. d5
Ne7 9. Ne1 Nd7 10. Nd3 f5 11. Bd2 Nf6 12. f3 f4 13. c5 g5 14. cxd6 cxd6 15. Nf2
h5 16. h3 Rf7 17. Qc2 Bf8 18. Nb5 g4 19. Qc7 Qxc7 20. Nxc7 Rb8 21. hxg4 hxg4
22. fxg4 Rg7 23. Nb5 Bxg4 24. Nxg4 Nxg4 25. Nxa7 Nf6 26. Bf3 Ng6 27. Nb5 Be7
28. Be1 Rc8 29. Nc3 Bd8 30. Bf2 Rc4 31. Rfc1 Rgc7 32. Ne2 Nxe4 33. Rxc4 Rxc4
34. b3 Rb4 35. a3 Nxf2 36. axb4 Bb6 37. Kf1 Ne7 38. Nc3 Bd4 39. Ra8+ Kg7 40.
Nb5 Bb6 41. Nxd6 Nd3 42. Rb8 Bc7 43. Ne8+ 1-0

[Event "FRA Cup 0607"]
[Site "Toulouse"]
[Date "2007.01.07"]
[Round "3"]
[White "Garrel, Alain"]
[Black "Moiseyev, Vlas"]
[Result "1/2-1/2"]
[WhiteElo "2150"]
[BlackElo "1928"]
[PlyCount "86"]
[EventDate "2007.??.??"]
[EventType "team-match"]
[EventCountry "FRA"]

1. d4 Nf6 2. Nf3 d5 3. c4 c6 4. cxd5 cxd5 5. Nc3 e6 6. Bf4 Bd6 7. e3 Bxf4 8.
exf4 Nc6 9. Rc1 Qb6 10. Bb5 O-O 11. O-O Ne7 12. b3 a6 13. Bd3 Qd6 14. Ne5 b5
15. g4 Bb7 16. f3 Rac8 17. Qd2 Qb4 18. Bb1 Rc7 19. Qd3 Rfc8 20. Ne2 Rxc1 21.
Nxc1 Ng6 22. Ne2 Qd6 23. h4 a5 24. h5 Nf8 25. Qd2 b4 26. Rc1 N6d7 27. Rxc8 Bxc8
28. Kf2 Ba6 29. Qc2 Nxe5 30. fxe5 Qd8 31. Kg3 Qb6 32. Qd2 Bxe2 33. Qxe2 Qxd4
34. Bd3 Nd7 35. f4 g5 36. fxg5 Nxe5 37. Bc2 Qc3+ 38. Kg2 Nxg4 39. Bxh7+ Kxh7
40. Qxg4 Qd2+ 41. Kh1 Qe1+ 42. Kg2 Qd2+ 43. Kh1 Qe1+ 1/2-1/2

[Event "FRA Cup 0607"]
[Site "Toulouse"]
[Date "2007.01.07"]
[Round "3"]
[White "Casella, Laurent"]
[Black "Tarayre, Pascal"]
[Result "1/2-1/2"]
[WhiteElo "2035"]
[BlackElo "1854"]
[PlyCount "139"]
[EventDate "2007.??.??"]
[EventType "team-match"]
[EventCountry "FRA"]

1. e4 c5 2. Nf3 d6 3. d4 cxd4 4. Nxd4 Nf6 5. Nc3 g6 6. Be3 Bg7 7. f3 O-O 8. Qd2
Nc6 9. O-O-O Nxd4 10. Bxd4 Be6 11. Kb1 Re8 12. Bb5 Rf8 13. g4 a6 14. Ba4 b5 15.
Bb3 b4 16. Na4 Rb8 17. h4 Bxb3 18. cxb3 Qa5 19. h5 Rfc8 20. hxg6 hxg6 21. Qf2
Rc6 22. Rd2 Qc7 23. Rc2 Rxc2 24. Qxc2 Qxc2+ 25. Kxc2 Rc8+ 26. Kd3 Nd7 27. Bxg7
Kxg7 28. f4 Nc5+ 29. Nxc5 Rxc5 30. a3 a5 31. axb4 axb4 32. Ra1 f5 33. gxf5 gxf5
34. Ra4 fxe4+ 35. Kxe4 e5 36. Rxb4 exf4 37. Rd4 Rb5 38. b4 Kf7 39. Kxf4 Ke6 40.
Ke3 d5 41. Kd3 Kd6 42. Kc3 Kc6 43. Kb3 Rb7 44. Rg4 Kb5 45. Rg8 Rd7 46. Rb8+ Kc6
47. Kc3 d4+ 48. Kd3 Rd5 49. b3 Rd7 50. b5+ Kc7 51. Rg8 Kb6 52. Rg5 Ka5 53. Kc4
d3 54. Rg1 d2 55. Rd1 Kb6 56. Kc3 Kxb5 57. Rxd2 Rc7+ 58. Kb2 Kb4 59. Rd4+ Kb5
60. Rd8 Rb7 61. Ra8 Kc5 62. Ka3 Kb5 63. Ra4 Kc5 64. Rc4+ Kd5 65. Kb2 Rb6 66.
Kc3 Rf6 67. Kb4 Rb6+ 68. Ka4 Ra6+ 69. Kb5 Rf6 70. b4 1/2-1/2

[Event "FRA Cup 0607"]
[Site "Toulouse"]
[Date "2007.01.07"]
[Round "3"]
[White "Cruzel, Thierry"]
[Black "Bedue, Julien"]
[Result "0-1"]
[WhiteElo "1982"]
[BlackElo "2122"]
[PlyCount "48"]
[EventDate "2007.??.??"]
[EventType "team-match"]
[EventCountry "FRA"]

1. d4 c5 2. Nf3 cxd4 3. Nxd4 e5 4. Nf3 Nf6 5. c4 Bc5 6. e3 d6 7. Bd2 Nc6 8. Nc3
O-O 9. Bd3 Re8 10. Ng5 Bb6 11. Rc1 Bg4 12. Be2 Bxe2 13. Qxe2 e4 14. h4 h6 15.
Nh3 d5 16. cxd5 Nxd5 17. Nxd5 Qxd5 18. Qc4 Qd8 19. Nf4 Rc8 20. Ke2 Bc7 21. Qd5
Qe7 22. Qc5 Bd6 23. Qf5 Bxf4 24. exf4 Nd4+ 0-1

[Event "FRA Cup 0607"]
[Site "Toulouse"]
[Date "2007.01.07"]
[Round "3"]
[White "Ducret, Thomas"]
[Black "Rieubland, B."]
[Result "1-0"]
[WhiteElo "2207"]
[BlackElo "1960"]
[PlyCount "87"]
[EventDate "2007.??.??"]
[EventType "team-match"]
[EventCountry "FRA"]

1. Nf3 Nf6 2. c4 c5 3. Nc3 Nc6 4. d4 cxd4 5. Nxd4 g6 6. e4 d6 7. Be2 Bg7 8. Be3
Nxd4 9. Bxd4 b6 10. O-O Bb7 11. Qa4+ Qd7 12. Qxd7+ Kxd7 13. e5 dxe5 14. Bxe5
Rhd8 15. Nb5 Ne8 16. Rad1+ Kc8 17. f4 a6 18. Nc3 Bc6 19. Nd5 Bxd5 20. cxd5 f6
21. Bd4 Kb7 22. Bf3 Nd6 23. Rfe1 Rd7 24. Rc1 Ka7 25. Rc6 Rb8 26. b4 Nb5 27. Bf2
Rbb7 28. a4 Nc7 29. Rd1 Rd6 30. a5 Na8 31. Ra1 f5 32. Ra2 Kb8 33. axb6 Nxb6 34.
Rxa6 Nc8 35. Bc5 Rdd7 36. Re6 Nd6 37. Rxe7 Bd4+ 38. Bxd4 Rxe7 39. Be5 Kc8 40.
Bxd6 Re1+ 41. Kf2 Rb1 42. Bc5 Kd7 43. d6 R7xb4 44. Ra7+ 1-0

[Event "FRA Cup 0607"]
[Site "Toulouse"]
[Date "2007.02.18"]
[Round "4"]
[White "Tarrade, Fabien"]
[Black "Ducret, Thomas"]
[Result "1/2-1/2"]
[WhiteElo "2060"]
[BlackElo "2207"]
[PlyCount "42"]
[EventDate "2007.??.??"]
[EventType "team-match"]
[EventCountry "FRA"]

1. e4 c5 2. Nf3 e6 3. d4 cxd4 4. Nxd4 Nc6 5. Nxc6 bxc6 6. Bd3 d5 7. exd5 cxd5
8. O-O Nf6 9. Be3 Be7 10. Bd4 O-O 11. Nd2 Re8 12. f4 g6 13. Nf3 Nd7 14. Ne5 Bc5
15. Bxc5 Nxc5 16. Kh1 Qb6 17. b3 Kg7 18. a4 f6 19. Bb5 Rf8 20. Nf3 a6 21. Be2
Ne4 1/2-1/2